00707cam a2200193Ia 4500020001800000020001500018040000800033082002600041100003500067245005700102260003300159300003300192490002800225520018800253650001200441650001600453650002000469650002400489 a9782070612758 a2070612759 cDV1 a843 GAL 2007 A094 Or.1 aSaint-Exup©♭ry, Antoine de,13aLe petit prince :bavec des aquarelles de l'auteur / a[Paris] :bGallimard,cc2007 a113 p. :bcol. ill. ;c18 cm0 aCollection Folio junior aAn aviator whose plane is forced down in the Sahara Desert encounters a little prince from a small planet who relates his adventures in seeking the secret of what is important in life 0aPrinces 0aFairy tales 4aNovela francesa 4aLiteratura francesa